YONSEI KOREAN 1 Nói 1

Kaydedildi:
Detaylı Bibliyografya
Materyal Türü: Kitap
Dil:Korean
Baskı/Yayın Bilgisi: 2005
Konular:
Etiketler: Etiketle
Etiket eklenmemiş, İlk siz ekleyin!
Thư viện lưu trữ: Mạng thư viện Đại học Đà Nẵng
LEADER 00982cam a22003131a 4500
001 000041007
003 17303
005 20160413000000.0
008 160413s2005 000 kor
041 |a kor 
082 |a 495.783  |b YO-K  |2 Nói 1 
245 |a YONSEI KOREAN 1  |n Nói 1 
260 |c 2005 
300 |a 181tr. : mh ; 30cm 
650 |a 연세 한국어 1, Nói 1,4170813 , YONSEI KOREAN. 
852 |b Chuyên đề  |c Giáo trình 
OWN |a LNN 
AVA |a UDN50  |b LNN  |d 495.783 YO-K  |e available  |t Error 5001 Not defined in file expand_doc_bib_avail.  |f 1  |g 0  |h N  |i 0  |k 1 
999 |a From the UDN01 
AVA |a UDN50  |b LNN  |d 495.783 YO-K  |e available  |t Error 5001 Not defined in file expand_doc_bib_avail.  |f 1  |g 0  |h N  |i 0  |k 1 
TYP |a Monograph 
TYP |a Printed language 
980 |a Mạng thư viện Đại học Đà Nẵng